000 00622nam a2200229Ia 4500
003 OSt
005 20220928125113.0
006 a|||||r|||| 00| 0
007 ta
008 220927b |||||||| |||| 00| 0 eng d
024 _a30702
037 _cTextual
040 _aSDCL
_cSDCL
_beng
041 _2eng
_aeng
082 _aL:54.5'L, M7
100 _aRiley James C
_9467998
245 0 _aEighteenth-century campaign to avoid disease.
260 _aNew York
_b St. Martin's Press
_c1987
300 _axvii,213p.
_ccm.
942 _hL:54.5'L, M7
_cTEXL
_2CC
999 _c780886
_d780886